Vistárie /
Pokračování temné fantasy série Belladonna. Zaměřuje se na postavu Blythe, která má potřebu postavit se společenským očekáváním, své rodině a především svému novému manželovi, známému jako Osud.
Uloženo v:
| Série: | Beladona,
část 3 |
|---|---|
| Hlavní autor: | |
| Další autoři: | , |
| Médium: | Kniha |
| Jazyk: | Czech |
| Vydáno: |
Praha :
Euromedia Group,
2026
|
| Vydání: | Vydání první |
| Edice: | Yoli
|
| Témata: | |
| Celkem bylo vypůjčeno: | 0x |
| Příbuzné jednotky: | Z cyklu::
Beladona |
| Tagy: |
Žádné tagy |
| LEADER | 02640nam a2200517 i 4500 | ||
|---|---|---|---|
| 001 | 106195 | ||
| 003 | CZ PrNK | ||
| 005 | 20260428100547.0 | ||
| 007 | ta | ||
| 008 | 260423s2026 xr d 000 f cze | ||
| 015 | |a cnb003754279 | ||
| 020 | |a 9788028405281 |q (brožováno) | ||
| 040 | |a ABG001 |b cze |e rda | ||
| 041 | 1 | |a cze |h eng | |
| 072 | 7 | |a 821.111(73)-3 |x Americká próza |2 Konspekt |9 25 | |
| 072 | 7 | |a 821-93 |x Literatura pro děti a mládež (beletrie) |2 Konspekt |9 26 | |
| 080 | |a 821.111(73)-31 |2 MRF | ||
| 080 | |a 821-93 |2 MRF | ||
| 080 | |a (0:82-312.9) |2 MRF | ||
| 100 | 1 | |a Grace, Adalyn, |d 1994- |7 xx0307023 |4 aut |9 114693 | |
| 240 | 1 | 0 | |a Wisteria. |l Česky |
| 245 | 1 | 0 | |a Vistárie / |c Adalyn Grace ; přeložila Viktorie Košnarová, Jana Rumlová |
| 250 | |a Vydání první | ||
| 264 | 1 | |a Praha : |b Euromedia Group, |c 2026 | |
| 300 | |a 350 stran ; |c 20 cm | ||
| 336 | |a text |b txt |2 rdacontent | ||
| 337 | |a bez média |b n |2 rdamedia | ||
| 338 | |a svazek |b nc |2 rdacarrier | ||
| 490 | 1 | |a Yoli | |
| 520 | 2 | |a Pokračování temné fantasy série Belladonna. Zaměřuje se na postavu Blythe, která má potřebu postavit se společenským očekáváním, své rodině a především svému novému manželovi, známému jako Osud. |b Blythe Hawthornová si nikdy nenechala od nikoho nic diktovat – ani od společnosti, ani od svého přehnaně starostlivého otce, a už vůbec ne od nesnesitelného muže, k němuž se připoutala. Naopak je odhodlaná být Osudu trnem v oku až do konce svých dnů – ačkoliv i on se snaží, aby její život v paláci byl všechno, jen ne pohádka. Když však Blythe objeví novou stránku svého já, část sebe samé spojenou s Osudovou minulostí, bude se muset rozhodnout, zda je ochotná nechat zažehnout nečekanou jiskru... a zjistit pravdu o tom, kým ve skutečnosti je. Nakladatelská anotace. | |
| 521 | 8 | |a Pro čtenáře od 15 let | |
| 655 | 7 | |a americké romány |7 fd131796 |2 czenas |9 53403 | |
| 655 | 7 | |a fantasy romány |7 fd184199 |2 czenas |9 54250 | |
| 655 | 7 | |a publikace pro mládež |7 fd133157 |2 czenas |9 110 | |
| 655 | 9 | |a American fiction |2 eczenas | |
| 655 | 9 | |a fantasy novels |2 eczenas | |
| 655 | 9 | |a juvenile literature |2 eczenas | |
| 700 | 1 | |a Košnarová, Viktorie |7 jn20001227133 |4 trl |9 22156 | |
| 700 | 1 | |a Buchalová, Jana, |d 1995- |7 xx0303603 |4 trl |9 115444 | |
| 710 | 2 | |a Euromedia Group |7 kn20100114009 |4 pbl |9 117126 | |
| 787 | 0 | 8 | |i Z cyklu: |t Beladona |g 3 |
| 830 | 0 | |a Yoli | |
| 910 | |a UOG502 | ||
| 942 | |2 ddc |c KN | ||
| 999 | |d 106195 | ||
| 993 | |0 0 |1 421180106921 |2 ddc |4 0 |7 0 |9 99538 |b 0 |c 106921 |d 2026-04-28 |e 0 |f DOSP |h 499.00 |i Koupě |l DOSP |r 2026-04-28 |t 6 |w 2026-04-28 |y KN |z BELETM |n | ||